Doanh nghiệp và đạo đức

Saved in:
Bibliographic Details
Main Author: Ballet, Jérôme
Format: Book
Language:Undetermined
Published: Hà Nội Thế giới 2005
Subjects:
Tags: Add Tag
No Tags, Be the first to tag this record!
Institutions: Trung tâm Học liệu Trường Đại học Cần Thơ
LEADER 00538nam a2200193Ia 4500
001 CTU_74250
008 210402s9999 xx 000 0 und d
020 |b 49000 
082 |a 174.4 
082 |b B191 
100 |a Ballet, Jérôme 
245 0 |a Doanh nghiệp và đạo đức 
245 0 |c Jérôme Ballet, Francoise De Bry 
260 |a Hà Nội 
260 |b Thế giới 
260 |c 2005 
650 |a Business ethics 
904 |i Tuyến, QHieu 
980 |a Trung tâm Học liệu Trường Đại học Cần Thơ